|
|
|
|
| LEADER |
01149nam a2200289 a 4500 |
| 001 |
864341 |
| 008 |
091110r19651954enka 000 0 eng d |
| 010 |
|
|
|a 79014925
|
| 040 |
|
|
|a DLC
|c DLC
|d DLC
|
| 082 |
0 |
0 |
|a 822.3/3
|2 17
|
| 100 |
1 |
|
|a Shakespeare, William,
|d 1564-1616.
|
| 245 |
1 |
0 |
|a Much ado about nothing /
|c edited by Philip Wayne.
|
| 260 |
|
|
|a London :
|b Oxford University press ;
|a Boston :
|b Plays,
|c 1954 [Reprinted 1965]
|
| 300 |
|
|
|a 192 p. :
|b ill. ;
|c 17 cm.
|
| 490 |
0 |
|
|a The new clarendon Shakespeare.
|
| 541 |
1 |
|
|e 00019537
|
| 600 |
1 |
1 |
|a Shakespeare, William,
|d 1564-1616.
|t Much ado about nothing.
|
| 650 |
|
0 |
|a Courtship
|v Drama.
|
| 650 |
|
0 |
|a Conspiracies
|v Drama.
|
| 650 |
|
0 |
|a Rejection (Psychology)
|v Drama.
|
| 650 |
|
1 |
|a Plays.
|
| 651 |
|
0 |
|a Messina (Italy)
|v Drama.
|
| 655 |
|
7 |
|a Comedies.
|2 gsafd
|
| 700 |
1 |
|
|a Wayne,Philip
|
| 852 |
4 |
|
|a Ayesha Abed Library
|j General Shelf
|
| 999 |
|
|
|c 5345
|d 5345
|
| 952 |
|
|
|0 0
|1 0
|2 ddc
|4 0
|6 822_330000000000000_SHA
|7 0
|9 5207
|a BRACUL
|b BRACUL
|c GEN
|d 2009-11-05
|e Rupa Chakroborty
|l 2
|m 5
|o 822.33 SHA
|p 3010019537
|r 2024-07-01
|s 2024-05-16
|t 1
|w 2009-11-10
|y BK
|x Transferred from ENH to Ayesha Abed library on 20/12/2023
|